01016nas a2200289 4500001001300000003000900013005001700022007000300039008003400042040005400076041000900130072000800139100001700147100001600164245010700180650002200287650001300309650002200322650001700344650001700361650002200378773010100400909004000501942001800541999001900559952014800578BR2012003723BR-BrBNA20231205120556.0ta230509b bl.|||p| |||| 00| 00por d aBR-BrBNAbporcBiblioteca Nacional de Agricultura a(Pt) aT011 aLaybauer, L.1 aOrtiz, L.S.1 aAbsorção de metais pesados por Eichhornia azurea nas Minas do Camaquã, Rio Grande do Sul, Brasil aEICHHORNIA AZUREA aBARONEZA aPLANTA AQUÁTICA aABSORÇÃO aMETAL PESADO aRIO GRANDE DO SUL0 tIheringia. Série Botânica (Brazil)xISSN 0073-4705g(Oct 1999), v. 52 p. 35-53wBR2012003723 a202311bLúciac55dLúcia Elande 2AGRISn0cANA c219216d219216 002AGRIS4071a41918b41918cPeriódicos Agrícolash(Oct 1999), v. 52 p. 35-53l0r2023-11-29t01yCRePortaria Interministerial nº 164/94